تحميل...
Gnosis divine wisdom /
| المؤلف الرئيسي: | |
|---|---|
| اللغة: | Undetermined |
| منشور في: |
1959
|
| LEADER | 00354nam a2200121Ia 4500 | ||
|---|---|---|---|
| 001 | 123051 | ||
| 008 | 170722s9999 xx 000 0 und d | ||
| 100 | |a Schuon, Frithjof | ||
| 245 | |a Gnosis divine wisdom / | ||
| 260 | |c 1959 | ||
| 942 | |c GEN | ||
| 999 | |c 22639 |d 22639 | ||
| 952 | |0 0 |1 0 |4 0 |6 _63_J9 |7 0 |8 LC1 |9 26641 |a LIB |b LIB |d 2017-08-12 |o /\63 J9 |p 72153 |r 2017-08-12 |w 2017-08-12 |y GEN | ||